Minecraft Entities - Statystyki

Ogólne statystyki
  • Ten quiz został rozwiązany 101 razy
  • Średni wynik to 27 z 110
Statystyki odpowiedzi
Hint Odpowiedź % Poprawnych
P Pig
68%
C Cow
66%
S Skeleton
57%
V Villager
55%
E Enderman
54%
S Sheep
54%
C Cat
51%
C Chicken
50%
C Creeper
50%
E Ender dragon
49%
W Wither
49%
B Bee
46%
P Pillager
46%
H Horse
45%
G Ghast
44%
P Piglin
43%
S Spider
43%
W Wolf
43%
B Bat
41%
B Blaze
41%
P Parrot
39%
I Iron Golem
38%
M Magma cube
38%
S Slime
38%
W Wither skeleton
37%
A Axolotl
35%
O Ocelot
35%
S Shulker
35%
C Cave spider
34%
D Donkey
32%
E Endermite
32%
R Rabbit
32%
S Salmon
32%
W Witch
32%
G Guardian
30%
P Pufferfish
30%
S Squid
30%
P Panda
29%
P Polar Bear
29%
P Phantom
28%
V Vex
28%
Z Zombie Villager
28%
D Dolphin
27%
E Elder Guardian
27%
H Husk
27%
M Minecart
27%
A Arrow
26%
H Hoglin
26%
S Silverfish
26%
L Llama
24%
S Skeleton horse
24%
T Tropical Fish
24%
A Armor stand
23%
B Boat
23%
F Fox
22%
G Glow Squid
22%
Z Zombie horse
22%
D Drowned
21%
C Cod
20%
G Goat
20%
S Strider
20%
E Evoker
18%
I Item
18%
I Illusioner
17%
M Mooshroom
17%
P Piglin Brute
17%
S Snow man
17%
T Turtle
17%
Z Zoglin
17%
F Fireball
16%
M Mule
16%
R Ravager
16%
T TNT
16%
E Ender pearl
15%
I Item frame
15%
M Minecart with Command Block
15%
V Vindicator
15%
E Eye of Ender
13%
M Minecart with Chest
13%
G Giant zombie
12%
M Minecart with Furnace
12%
M Minecart with Hopper
12%
Z Zombified Piglin
12%
S Stray
11%
T Trident
11%
E Egg
10%
M Minecart with TNT
10%
S Snowball
10%
E End crystal
9%
W Wandering Trader
9%
P Painting
7%
F Firework rocket
6%
L Lead
6%
F Falling block
5%
S Shulker bullet
5%
D Dragon fireball
4%
E Evoker fangs
4%
E Experience orb
4%
L Llama spit
4%
M Minecart with spawner
4%
S Spectral arrow
4%
G Glow Item Frame
2%
T Thrown experience bottle
2%
T Thrown potion
2%
T Trader Llama
2%
W Wither skeleton skull
2%
A Area effect cloud
1%
L Lightning bolt
1%
S Small fireball
1%
Nie znaleziono quizów pasujących do podanych kryteriów
Rozkład punktacji
Procent ludzi z każdym wynikiem
Percentyl według liczby udzielonych odpowiedzi
Twoja historia wyników
Nie rozwiązałeś tego quizu